00274nam a2200109Ia 4500008004100000100002800041245003600069260002100105650001400126942000700140999001700147190216s9999||||xx |||||||||||||| ||und|| aChathanath Achathanunni 0aAlankarashashthram Malayalathil bBhasha Institute aSahithyam cBK c26288d26288